The Rat Pack (images) Quiz Stats

Quiz not verified by Sporcle

Challenge
Share
Tweet
Score 0/30 Timer 06:00
0 Plays Today
% Correct
Mickey Mouse
94.2%
Alvin and the Chipmunks
84.1%
Jerry
82.5%
Minnie Mouse
82.5%
Chip 'n' Dale
71.4%
The Three Blind Mice
67.7%
Mighty Mouse
67.2%
Remy
67.2%
Stuart Little
66.7%
Speedy Gonzales
65.6%
Pinky and The Brain
64.6%
Chuck E. Cheese
55.6%
Itchy
55.6%
The Rat Pack
51.3%
Scrat
47.6%
% Correct
Fievel Mousekewitz
32.3%
Danger Mouse
29.6%
Rizzo the Rat
23.8%
Timothy Q. Mouse
21.7%
Rattata
21.2%
Despereaux
16.9%
Deadmau5
15.3%
Pixie and Dixie
12.2%
Reepicheep
10.1%
Dormouse in Alice in Wonderland
7.4%
Morton the Mouse
5.8%
Mouser
4.2%
Hubie and Bertie
2.6%
Thomasina Tittlemouse
2.1%
Ieniemienie
0.5%

You're not logged in!

Compare scores with friends on all Sporcle quizzes.
Join for Free
OR
Log In

You Might Also Like...

Show Comments

Extras

Top Quizzes Today


Score Distribution

Your Account Isn't Verified!

In order to create a playlist on Sporcle, you need to verify the email address you used during registration. Go to your Sporcle Settings to finish the process.

Report this User

Report this user for behavior that violates our Community Guidelines.

Details: